00686nam a22001457a 4500003000500000005001700005008004100022020001800063082001300081100001700094245004500111260003700156300001600193505033100209NUST20221103125302.0221103b ||||| |||| 00| 0 eng d a0-75256-480-3 a747, GOR aGorton, Phil aComplete Home Decorating: b Phil Gorton aUkbParragon, Incorporatedc2001 a256: pages  aIntroduction (Page-6), How to use this book (Page-8), Planning (Page-10), Colour (Page-20), Painting (Page-32), Paper finisher (Page-66), Wood, brick and tile finisher (Page-92), Floor (Page-154), Woodwork (Page-184), Furniture face lifts (Page-202), Stylish space savers (Page-212), Accent accessories (Page-224).